Esquisse d'une interprétation du monde / (Record no. 64795)

MARC details
000 -LEADER
campo de control de longitud fija 00697nam a2200205 i 4500
001 - NÚMERO DE CONTROL
campo de control 64795
003 - IDENTIFICADOR DE NÚMERO DE CONTROL
campo de control ES-MaACL
005 - FECHA Y HORA DE LA ÚLTIMA TRANSACCIÓN
campo de control 20250704063112.0
007 - CAMPO FIJO DE DESCRIPCIÓN FÍSICA--INFORMACIÓN GENERAL
campo de control de longitud fija t|
008 - DATOS DE LONGITUD FIJA--INFORMACIÓN GENERAL
campo de control de longitud fija 040105s1913 fr ||||1| fre d
080 ## - NÚMERO DE LA CLASIFICACIÓN DECIMAL UNIVERSAL
Número de la Clasificación Decimal Universal 113(04)
100 1# - ENTRADA PRINCIPAL--NOMBRE DE PERSONA
Nombre de persona Fouillée, Alfred,
Fechas asociadas al nombre 1838-1912
9 (RLIN) 51939
245 10 - MENCIÓN DEL TÍTULO
Título Esquisse d'une interprétation du monde /
Mención de responsabilidad, etc. par Alfred Fouillée ; d'aprés les manuscrits de l'auteur revus et mis en ordre par Emile Boirac.
260 ## - PUBLICACIÓN, DISTRIBUCIÓN, ETC.
Lugar de publicación, distribución, etc. París :
Nombre del editor, distribuidor, etc. Félix Alcan,
Fecha de publicación, distribución, etc. 1913 (
Lugar de fabricación/manufactura Saint-Cloud :
Fabricante Belin Grères)
300 ## - DESCRIPCIÓN FÍSICA
Extensión LXVI, 417 p. ;
Dimensiones 23 cm.
650 04 - PUNTO DE ACCESO ADICIONAL DE MATERIA--TÉRMINO DE MATERIA
Término de materia o nombre geográfico como elemento de entrada Cosmología.
9 (RLIN) 11389
700 1# - ENTRADA AGREGADA--NOMBRE PERSONAL
Nombre de persona Boirac, Emile.
9 (RLIN) 29854
852 ## - LOCALIZACIÓN
Ubicación ES-MaACL
Número de control de estantería B-6393
Holdings
Estatus retirado Estado de pérdida Estado de daño No para préstamo Biblioteca de origen Biblioteca actual Ubicación en estantería Fecha de adquisición Fuente de adquisición Total de préstamos Signatura topográfica completa Código de barras Visto por última vez Precio de reemplazo Tipo de ítem Koha
        Biblioteca del Ateneo de Madrid Biblioteca del Ateneo de Madrid Sala Pardo Bazán 17/01/2008     B-6393 1067891 23/02/2023 23/02/2023 Libro impreso